Inorganica chimica acta. Articles.

Bibliographic Details
Previous Title:Inorganica chimica acta
Format: Journal
Language:English
Published: Lausanne, Switzerland : Elsevier Sequoia.
Subjects:
Online Availability: Check for online availability

MARC

Tag First Indicator Second Indicator Subfields
LEADER 00000cas a2200000 4500
001 in00000061004
005 20151008051052.0
008 800418d19801983sz mr p 0uuua0eng d
010 |a sn 82020002  
022 |a 0020-1693 
035 |a (OCoLC)06220654 
035 |9 AAG5474AM 
040 |a TXA  |c TXA  |d NST  |d TXA  |d UtOrBLW 
042 |a nst 
049 |a TXAE 
090 |a QD146  |b .I582 
245 0 0 |a Inorganica chimica acta.  |p Articles. 
264 1 |a Lausanne, Switzerland :  |b Elsevier Sequoia. 
300 |a 38 volumes :  |b illustrations ;  |c 28 cm. 
310 |a Monthly 
336 |a text  |b txt  |2 rdacontent 
337 |a unmediated  |b n  |2 rdamedia 
338 |a volume  |b nc  |2 rdacarrier 
362 0 |a v. 38, no. 1- v. 75,no.2; Jan 1980-Dec. 1983 
580 |a Merged with: Inorganica chimica acta. Letters to form: Inorganica chimica acta. Articles and letters. 
650 0 |a Chemistry, Inorganic  |v Periodicals. 
780 0 1 |t Inorganica chimica acta  |x 0020-1693 
999 |a MARS 
999 f f |s 7a10f4bb-c1f6-3c92-b4ab-e23032fa052c  |i 04b531a9-e3d0-3903-bc12-cf152b8cfdcb  |t 0 
952 f f |p ric  |a Texas A&M University  |b Rellis Campus  |c Joint Library Facility  |d Remote Storage  |t 0  |e QD146 .I582  |h Library of Congress classification  |i unmediated -- volume  |k v.47-48  |l 1981:Jan.-Apr.  |m A14820550315 
952 f f |p ric  |a Texas A&M University  |b Rellis Campus  |c Joint Library Facility  |d Remote Storage  |t 0  |e QD146 .I582  |h Library of Congress classification  |i unmediated -- volume  |k v.49-50  |l 1981:May-Aug.  |m A14812126063 
952 f f |p ric  |a Texas A&M University  |b Rellis Campus  |c Joint Library Facility  |d Remote Storage  |t 0  |e QD146 .I582  |h Library of Congress classification  |i unmediated -- volume  |k v.51-52  |l 1981:Sept.-Dec.  |m A14811122155 
952 f f |p ric  |a Texas A&M University  |b Rellis Campus  |c Joint Library Facility  |d Remote Storage  |t 0  |e QD146 .I582  |h Library of Congress classification  |i unmediated -- volume  |k v.40  |l 1980:May-June  |m A14816382051 
952 f f |p ric  |a Texas A&M University  |b Rellis Campus  |c Joint Library Facility  |d Remote Storage  |t 0  |e QD146 .I582  |h Library of Congress classification  |i unmediated -- volume  |k v.72-73  |l 1983:June-Aug.  |m A14813888927 
952 f f |p ric  |a Texas A&M University  |b Rellis Campus  |c Joint Library Facility  |d Remote Storage  |t 0  |e QD146 .I582  |h Library of Congress classification  |i unmediated -- volume  |k v.41  |l 1980:July-Aug.  |m A14809935990 
952 f f |p ric  |a Texas A&M University  |b Rellis Campus  |c Joint Library Facility  |d Remote Storage  |t 0  |e QD146 .I582  |h Library of Congress classification  |i unmediated -- volume  |k v.43  |l 1980:Nov.-Dec.  |m A14843620304 
952 f f |p ric  |a Texas A&M University  |b Rellis Campus  |c Joint Library Facility  |d Remote Storage  |t 0  |e QD146 .I582  |h Library of Congress classification  |i unmediated -- volume  |k v.70-71  |l 1983:Mar.-May  |m A14813064769 
952 f f |p ric  |a Texas A&M University  |b Rellis Campus  |c Joint Library Facility  |d Remote Storage  |t 0  |e QD146 .I582  |h Library of Congress classification  |i unmediated -- volume  |k v.57-58  |l 1982:Jan.-Mar.  |m A14843620312 
952 f f |p ric  |a Texas A&M University  |b Rellis Campus  |c Joint Library Facility  |d Remote Storage  |t 0  |e QD146 .I582  |h Library of Congress classification  |i unmediated -- volume  |k v.38  |l 1980:Jan.-Feb.  |m A14843620320 
952 f f |p ric  |a Texas A&M University  |b Rellis Campus  |c Joint Library Facility  |d Remote Storage  |t 0  |e QD146 .I582  |h Library of Congress classification  |i unmediated -- volume  |k v.61-62  |l 1982:July-Oct.  |m A14821073374 
952 f f |p ric  |a Texas A&M University  |b Rellis Campus  |c Joint Library Facility  |d Remote Storage  |t 0  |e QD146 .I582  |h Library of Congress classification  |i unmediated -- volume  |k v.63  |l 1982:Nov.-Dec.  |m A14819979352 
952 f f |p ric  |a Texas A&M University  |b Rellis Campus  |c Joint Library Facility  |d Remote Storage  |t 0  |e QD146 .I582  |h Library of Congress classification  |i unmediated -- volume  |k v.39  |l 1980:Mar.-Apr.  |m A14813855013 
952 f f |p ric  |a Texas A&M University  |b Rellis Campus  |c Joint Library Facility  |d Remote Storage  |t 0  |e QD146 .I582  |h Library of Congress classification  |i unmediated -- volume  |k v.74-75  |l 1983:Oct.-Nov.  |m A14812201203 
952 f f |p ric  |a Texas A&M University  |b Rellis Campus  |c Joint Library Facility  |d Remote Storage  |t 0  |e QD146 .I582  |h Library of Congress classification  |i unmediated -- volume  |k v.42  |l 1980:Sept.-Oct.  |m A14843620296 
952 f f |p ric  |a Texas A&M University  |b Rellis Campus  |c Joint Library Facility  |d Remote Storage  |t 0  |e QD146 .I582  |h Library of Congress classification  |i unmediated -- volume  |k v.68-69  |l 1983:Jan.-Feb.  |m A14812192519 
952 f f |p ric  |a Texas A&M University  |b Rellis Campus  |c Joint Library Facility  |d Remote Storage  |t 0  |e QD146 .I582  |h Library of Congress classification  |i unmediated -- volume  |k v.59-60  |l 1982:Apr.-June  |m A14818733834 
998 f f |a QD146 .I582  |s v.68-75 (1983)  |t 0  |l Remote Storage